000 00294nam a2200121Ia 4500
008 190216s9999||||xx |||||||||||||| ||und||
100 _aLoney. S.L
245 0 _a"Plane Trignometry Part I,Ii"
260 _bSurjeet Pubs.Delhi
300 _a228
650 _aMathematical Geography
942 _cBK
999 _c32189
_d32189